Proyecto terapéutico: De Piera Aulagnier al psicoanálisis actual
I tiakina i:
| Kaituhi matua: | |
|---|---|
| Hōputu: | Pukapuka |
| Reo: | Pāniora |
| I whakaputaina: |
Buenos Aires
Paidós
2004
|
| Putanga: | 1a. ed |
| Rangatū: | Biblioteca de Psicología Profunda, 246
|
| Ngā marau: | |
| Ngā Tūtohu: |
Tāpirihia he Tūtohu
Kāore He Tūtohu, Me noho koe te mea tuatahi ki te tūtohu i tēnei pūkete!
|
MARC
| LEADER | 00000cam a2200000 a 4500 | ||
|---|---|---|---|
| 001 | UCL9517 | ||
| 003 | CL-VaPUC | ||
| 008 | 040813e20040000AG |||||||||||||||||spa|d | ||
| 020 | |a 9501242463 | ||
| 082 | 0 | 4 | |a 150.195 |b HOR |2 21 |
| 100 | 0 | |a Hornstein, Luis |e author |9 487386 | |
| 245 | 1 | 0 | |a Proyecto terapéutico: De Piera Aulagnier al psicoanálisis actual |
| 250 | |a 1a. ed | ||
| 300 | |a 358 p | ||
| 942 | |c BK | ||
| 945 | |d 20040813 00:00:00 |a cmena | ||
| 260 | |a Buenos Aires |b Paidós |c 2004 | ||
| 650 | 7 | |a TEORIAS PSICOLOGICAS |2 CL-VaPUC |9 455532 | |
| 650 | 0 | |a Psicoanálisis |9 265702 | |
| 650 | 0 | |a Psicología clínica |9 307259 | |
| 583 | |a last modification |c 20131011 07:13:35 |k Rodrigo Vera | ||
| 490 | 0 | |a Biblioteca de Psicología Profunda, 246 | |
| 999 | |c 310283 |d 310281 | ||
| 952 | |0 0 |1 0 |4 0 |6 150_195000000000000_HOR_2004 |7 0 |8 A |9 378575 |a BIBEDU |b BIBEDU |d 2019-11-21 |i 4048261 |o 150.195 HOR 2004 |p 4048261 |r 2019-11-21 |w 2019-11-21 |y BK |k PSI | ||
| 952 | |0 0 |1 0 |3 erb |4 0 |6 150_195000000000000_HOR_2004 |7 0 |8 A |9 378576 |a BIBEDU |b BIBEDU |d 2019-11-21 |i 5019435 |o 150.195 HOR 2004 |p 5019435 |r 2019-11-21 |w 2019-11-21 |y BK |z Catalogado en:20131018 |k PSI | ||